Différences entre Pokémon Rubis & Saphir et Pokémon Emeraude - Statistiques

Statistiques générales
  • Ce quiz a été pris 23 fois
  • Le résultat moyen est 6 sur 15
Statistiques - réponses
Question Réponse % Correct
Quel est le seul Pokémon légendaire du jeu àpouvoir être capturé avant d'affronter le Conseil 4 ? Rayquaza
71%
Au lieu de 2 étages dans les versions Rubis et Saphir, combien en possède la Grotte Origine dans Pokémon Emeraude ? 5
64%
Dans quelle ville les 3 Pokémon légendaires sont-ilsréunis à un moment du jeu ? Atalanopolis
64%
Qui remplace Pierre Rochard en tant que Maître de la Ligue de Hoenn ? Marc
64%
A quelle zone accède-t-on après avoir vaincu la Ligue ? Zone de Combat
57%
Quelle forme de Deoxys est exclusive à Pokémon Emeraude ? Forme Vitesse
50%
Qui remplace Marc en tant que Champion de l'Arèned'Atalanopolis ? Juan
50%
Quel personnage suit le protagoniste durant l'aventure, afin de jauger sa progression ? Scott
36%
Ou se trouve la Planque Magma dans Pokémon Emeraude ? Sentier Sinuroc
29%
Ou peut-on affronter Pierre Rochard dans Pokémon Emeraude, après avoir vaincu la Ligue ? Site Météore
29%
Quelle fonctionnalité du PokéNav exclusive àPokémon Emeraude permet d'enregistrer les numéros de PNJ importants pour les affronter de nouveau ? Match Phone
21%
Quel type de combat est plus fréquent dans cette version ? Combats Duo
14%
Dans quel lieu peut-on croiser la Team Magma, uniquement dans ce jeu ? Centre Spatial d'Algatia
7%
Au lieu de la Grotte Origine dans Pokémon Saphir , où peut-être capturé Kyogre dans Pokémon Emeraude ? Grotte Marine
7%
Au lieu de la Grotte Origine dans Pokémon Rubis, où peut-être capturé Groudon dans Pokémon Emeraude ? Grotte Terra
7%
Aucun quiz correspondant
Distribution des résultats
% des personnes avec chaque résultat
Percentile par nombre de réponses
Votre historique - résultats
Vous n’avez pas pris ce quiz